000
00251nam a22001097a 4500
008
170117b xxu||||| |||| 00| 0 eng d
020
_a
9780135055786
041
_a
eng
080
_2
2nd
_a
618.2
245
_a
MEDICAL LANGUAGE
_c
TURLEY, S
942
_2
udc
_c
BK
999
_c
2981
_d
2981